Eurovision best places - Statistics

General Stats
  • This quiz has been taken 171 times
  • The average score is 33 of 51
Answer Stats
Year Place Country Song % Correct
1982, 2010 1 Germany Ein bisschen Frieden, Satellite
97%
2017 1 Portugal Amar pelos dois
97%
1978, 1979, 1998, 2018 1 Israel Abanibi, Hallelujah, Diva, Toy
96%
1966, 2014 1 Austria Merci Chérie, Rise Like a Phoenix
94%
2011 1 Azerbaijan Running Scared
94%
1970, 1980, 1987, 1992, 1993, 1994, 1996 1 Ireland All Kinds of Everything, What's Another Year?, Hold Me Now, Why Me, In Your Eyes, Rock 'n' Roll Kids, The Voice
94%
1957, 1959, 1969, 1975, 2019 1 The Netherlands Net Als Toen, Een Beetje, De Troubadour, Ding a Dong, Arcade
94%
2008 1 Russia Believe
93%
1963, 2000, 2013 1 Denmark Dansevise, Fly on the Wings of Love, Only Teardrops
92%
2006 1 Finland Hard Rock Hallelujah
92%
2005 1 Greece My Number One
92%
2007 1 Serbia Molitva
92%
1974, 1991, 1999, 1984, 2012, 2015 1 Sweden Waterloo, Diggi-loo Diggi-ley, Fångad Av En Stormvind, Take Me To Your Heaven, Euphoria, Heroes
92%
2003 1 Turkey Everyway That I Can
92%
2001 1 Estonia Everybody
91%
2004, 2016 1 Ukraine Wild Dances, 1944
89%
2002 1 Latvia I Wanna
86%
1986, 1996, 2009 1 Norway La det swinge, Nocturne, Fairytale
86%
1961, 1965, 1972, 1973, 1983 1 Luxembourg Nous les amoureaux, Poupée De Cire Poupée De Son, Après toi, Tu Te Reconnaîtras, Si La Vie Est Cadeau
85%
1967, 1969, 1976, 1981, 1997 1 United Kingdom Puppet on a String, Boom Bang-a-Bang, Save Your Kisses For Me, Making Your Mind Up, Love Shine a Light
82%
1958, 1960, 1962, 1969, 1977 1 France Dors mon amour, Tom Pillibi, Un Premier Amour, Un Jour un Enfant, L'oiseau et l'Enfant
79%
1968, 1969 1 Spain La La La, Vivo cantando
76%
1986 1 Belgium J'aime La Vie
75%
1956, 1988 1 Switzerland Refrain, Ne partez pas sans moi
75%
1964, 1990 1 Italy Non ho l'età, Insieme: 1992
73%
1989 1 Yugoslavia Rock Me
73%
2018 2 Cyprus Fuego
72%
1999, 2009 2 Iceland All Out of Luck, Is It True?
70%
2017 2 Bulgaria Beautiful Mess
69%
1971 1 Monaco Un Banc, Un Arbre, Une Rue
69%
2016 2 Australia Sound of Silence
67%
2002, 2005 2 Malta 7th Wonder, Angel
59%
1994 2 Poland To nie ja!
54%
2017 3 Moldova Hey Mamma!
53%
2005, 2010 3 Romania Let Me Try, Playing With Fire
48%
2004 2 Serbia and Montenegro Lane Moje
47%
2019 19 San Marino Say Na Na Na
43%
2008, 2014 4 Armenia Qele Qele, Not Alone
41%
1994 4 Hungary Kinek Mondjam El Vétkeimet
36%
1996, 1999 4 Croatia Sveta Ljubav, Marija Magdalena
35%
2012 5 Albania Suus
34%
2019 7 North Macedonia Proud
33%
1980 18 Morocco Bitakat Hob
31%
2015 13 Montenegro Adio
30%
2018 6 Czech Republic Lie To Me
25%
1996 18 Slovakia Kým Nás Máš
25%
2010, 2011 9 Georgia Shine, One More Day
23%
1995, 2001 7 Slovenia Prisluhni Mi, Energy
23%
2006 6 Lithuania We Are the Winners
22%
2011 6 Bosnia and Herzegovina Love in Rewind
20%
2007 6 Belarus Work Your Magic
19%
No matching quizzes found
Score Distribution
Percent of People with Each Score
Percentile by Number Answered
Your Score History
You have not taken this quiz